Top 100 Polskich Piosenek Rapowych - Statystyki

Ogólne statystyki
  • Ten quiz został rozwiązany 148 razy
    131 od ostatniego zresetowania
  • Średni wynik to 16 z 100
Statystyki odpowiedzi
Hint Odpowiedź % Poprawnych
19 California
65%
1 Język ciała
50%
2 Na szczycie
50%
62 Patointeligencja
47%
9 Anioły i demony
41%
7 Eldorado
39%
67 Schodki
38%
4 Half dead
37%
16 Ua
37%
12 Tamagotchi
36%
25 Papierosy
34%
13 Candy
29%
34 Impreza
29%
33 Bestia
28%
41 Bossman
28%
10 Rainman
28%
8 Szaman
28%
14 Poza kontrolą
27%
24 8 kobiet
26%
89 Fala
26%
35 Hinata
26%
6 Bez strachu
24%
27 Jesteś ładniejsza niż na zdjęciach
24%
36 05 05
23%
63 Księżniczki
23%
32 Mówiłaś
23%
15 Nie nie
23%
48 Płuca zlepione topami
23%
39 Kryptowaluty
21%
28 Casablanca
20%
81 Janosik
20%
77 RS7
20%
92 Wifi
19%
64 Billy kid
18%
40 Nowy kolor
18%
42 Robię yeah
18%
45 Sorry dolores
18%
5 1 moment
17%
52 Jagodzianki
17%
50 Małpa
17%
95 Mogę dziś umierać
17%
22 Wodospady
17%
30 30 kmh
16%
59 Deszcz na betonie
16%
83 Floyd Mayweather
16%
70 Napad na bank
16%
11 Gdybyś kiedyś
15%
17 Mademoiselle
15%
46 Oddajemy krew wampirom
15%
18 Dla prawdziwych dam
14%
21 Wiking
14%
23 4 pory roku
12%
47 Albański raj
12%
58 Jestem bogiem
12%
94 Bajka
11%
90 Fiji
11%
26 Mój ziomek
11%
69 Ninja
11%
20 Młoda krew
10%
85 Pole Marysi
10%
98 Testarossa
10%
71 Ufo
10%
73 Bali
9%
57 Balans
8%
49 Kontrola jakości
8%
56 Uzależniony
8%
3 Zbyt wiele
8%
66 Cardio
7%
43 | 44 Chcemy być wyżej
7%
38 Szpaku Hot16challenge2
7%
68 Wyjebane
7%
51 Do końca
6%
29 Przejmujemy jutuby
6%
88 Koszmar minionego lata
5%
82 Meow
5%
37 Żyć aż do bólu
5%
84 Opary
4%
61 Przepraszam
4%
65 Taka dama
4%
76 Bad boy
3%
80 Braci się nie traci
3%
53 Dirty diana
3%
55 Dym
3%
54 Gdy ujrzałem drogę
3%
72 Jebać miłość
3%
31 Jeszcze będzie hajc
3%
97 U mnie wszystko gra
3%
78 W aucie
3%
79 Zosia
3%
87 Jedna minuta
2%
86 Mówiłaś mi
2%
93 Nigdy ponad stan
2%
60 Obiecuję ci
2%
96 Tu gdzie żyjemy
2%
91 Między mną a tobą
1%
100 Nie dbam
1%
99 Niedopowiedzenia
1%
74 Nie lubimy robić
1%
75 W sieci
1%
Nie znaleziono quizów pasujących do podanych kryteriów
Rozkład punktacji
Procent ludzi z każdym wynikiem
Percentyl według liczby udzielonych odpowiedzi
Twoja historia wyników
Nie rozwiązałeś tego quizu od ostatniego zresetowania